| 000 | 00571cam a22001694a 4500 | ||
|---|---|---|---|
| 020 | _a0471638609 | ||
| 040 | _cDLC | ||
| 082 | 0 | 0 | _a338 WIL 2004 A065 Or. |
| 100 | 1 | _aBriody, Dan. | |
| 245 | 1 | 4 |
_aThe Halliburton agenda : _bthe politics of oil and money / |
| 260 |
_aHoboken, N.J. : _bWiley, _cc2004. |
||
| 300 |
_axiii, 290 p. ; _c24 cm. |
||
| 856 | 4 | 2 | _uhttp://www.loc.gov/catdir/bios/wiley047/2004002217.html |
| 856 | 4 | 2 | _uhttp://www.loc.gov/catdir/description/wiley041/2004002217.html |
| 856 | 4 | 1 | _uhttp://www.loc.gov/catdir/toc/ecip0414/2004002217.html |
| 942 | _cEK | ||
| 999 |
_c14326 _d14326 |
||